000 00858cam a22001935a 4500
001 L156359
008 120515q1840 xxk f 000 0 eng d
035 _a(Sirsi) u156359
041 0 _aeng
100 1 _aThurlow, S.
245 0 4 _aThe land surveyor's ready reckoner, or, Gentlemen and farmer's guide to land measure
_bshewing at one view the contents of any piece of land from the eightieth part of an acre to any number of acres : with plain and easy directions ... : to which is added a table ...
_cby S, Thurlow
250 _aNew ed., carefully corr.
260 _aLondon
_bSimpkin and Marshall
_bDean & Munday
_c[1840?]
300 _axxvii, [1], 25-138 p., [1] folded leaf of plates
_bill., tables
_c12 cm.
583 _aCondition reviewed
_c20120620
_lcondition level 4
651 4 _aGreat Britain
_y1707-
690 _aMeasurement
_96256
942 _n0
999 _c114207
_d114207